00717cam a22002291 4500001001300000003000400013005001700017008004100034010001700075035001900092040001900111042001200130050002200142100003300164245002700197260003000224300006300254410008100317504003100398650004100429999001700470gs 58000223 DLC20260227111407.0781129s1958 msuab s001 0 eng  ags 58000223  a(OCoLC)4403795 aDLCcMsSMdDLC apremarc00aQE129b.A2 no. 841 aHughes, Richard John,d1915-10aKemper County geology. aUniversity, Miss.,c1958. a274 p.billus., maps (part fold.) diagrs., tables.c23 cm.20aMississippi Geological, Economic, and Topographical SurveytBulletinvno. 84 aBibliography: p. 227-263. 0aGeologyzMississippizKemper County. c29273d29273